Detalles MARC
| 000 -LEADER |
| campo de control de longitud fija |
03418cam a22005654i 4500 |
| 003 - IDENTIFICADOR DE NÚMERO DE CONTROL |
| campo de control |
PE-LiUPU |
| 005 - FECHA Y HORA DE LA ÚLTIMA TRANSACCIÓN |
| campo de control |
20250731172844.0 |
| 008 - DATOS DE LONGITUD FIJA--INFORMACIÓN GENERAL |
| campo de control de longitud fija |
010716s2002 miu rb 001 0 eng |
| 020 ## - NÚMERO INTERNACIONAL ESTÁNDAR DEL LIBRO |
| Número Internacional Estándar del Libro |
0802837344 |
| Información calificativa |
(Eerdmans) |
| 020 ## - NÚMERO INTERNACIONAL ESTÁNDAR DEL LIBRO |
| Número Internacional Estándar del Libro |
0851117783 |
| Información calificativa |
(APOLLOS) |
| 020 ## - NÚMERO INTERNACIONAL ESTÁNDAR DEL LIBRO |
| Número Internacional Estándar del Libro |
9780802837349 |
| Información calificativa |
(Eerdmans) |
| 020 ## - NÚMERO INTERNACIONAL ESTÁNDAR DEL LIBRO |
| Número Internacional Estándar del Libro |
9780851117782 |
| Información calificativa |
(APOLLOS) |
| 035 ## - NÚMERO DE CONTROL DEL SISTEMA |
| Número de control de sistema |
(Sirsi) i9780802837349 |
| 040 ## - FUENTE DE CATALOGACIÓN |
| Centro catalogador/agencia de origen |
DLC |
| Lengua de catalogación |
spa |
| Centro/agencia transcriptor |
DLC |
| Centro/agencia modificador |
YDX |
| -- |
UKM |
| -- |
OCLCQ |
| -- |
BAKER |
| -- |
NLGGC |
| -- |
HNW |
| -- |
BTCTA |
| -- |
YDXCP |
| -- |
IG# |
| -- |
TLE |
| -- |
BDX |
| -- |
OCLCA |
| -- |
OCLCQ |
| -- |
OCLCA |
| -- |
OCLCF |
| -- |
OCLCQ |
| -- |
S3O |
| -- |
PE-LiUPU |
| Normas de descripción |
rda |
| 049 ## - FONDOS LOCALES (OCLC) |
| Biblioteca depositaria |
PRUA |
| 082 04 - NÚMERO DE LA CLASIFICACIÓN DECIMAL DEWEY |
| Número de clasificación |
225.07 |
| Cutter |
PNTC |
| Número de edición |
20 |
| 100 1# - ENTRADA PRINCIPAL--NOMBRE DE PERSONA |
| Nombre de persona |
Edwards, James R., |
| Término indicativo de función/relación |
autor. |
| 245 14 - MENCIÓN DEL TÍTULO |
| Título |
The Gospel according to Mark / |
| Mención de responsabilidad, etc. |
James R. Edwards. |
| 264 ## - PRODUCCIÓN, PUBLICACIÓN, DISTRIBUCIÓN, FABRICACIÓN Y COPYRIGHT |
| Producción, publicación, distribución, fabricación y copyright |
Grand Rapids, Mich : |
| Nombre del de productor, editor, distribuidor, fabricante |
Eerdmans ; |
| Producción, publicación, distribución, fabricación y copyright |
Leicester, England : |
| Nombre del de productor, editor, distribuidor, fabricante |
Apollos, |
| Fecha de producción, publicación, distribución, fabricación o copyright |
2002. |
| 300 ## - DESCRIPCIÓN FÍSICA |
| Extensión |
xxvi, 550 páginas ; |
| Dimensiones |
24 centímetros. |
| 336 ## - TIPO DE CONTENIDO |
| Término de tipo de contenido |
text |
| Fuente |
rdacontent |
| 337 ## - TIPO DE MEDIO |
| Nombre/término del tipo de medio |
unmediated |
| Fuente |
rdamedia |
| 338 ## - TIPO DE SOPORTE |
| Nombre/término del tipo de soporte |
volume |
| Fuente |
rdacarrier |
| 490 0# - MENCIÓN DE SERIE |
| Mención de serie |
The Pillar New Testament commentary |
| 504 ## - NOTA DE BIBLIOGRAFÍA, ETC. |
| Nota de bibliografía, etc. |
Bibliografía : páginas xxv-xxvi. |
| 504 ## - NOTA DE BIBLIOGRAFÍA, ETC. |
| Nota de bibliografía, etc. |
Índices: páginas 513-550. |
| 505 0# - NOTA DE CONTENIDO CON FORMATO |
| Nota de contenido con formato |
History of the interpretation of Mark -- Authorship and place of composition -- Date -- Historical context -- Distinctive literary characteristics. Style ; Sandwich technique ; Irony -- Jesus in the Gospel of Mark. The authority of Jesus ; Servant of the Lord ; Son of God -- Distinctive themes. Discipleship ; Faith ; Insiders and outsiders ; Gentiles ; Command to silence ; Journey -- Narrative structure -- The gospel appears in person (1:1-13) -- Beginnings of the Galilean ministry (1:14-45). Excursus : the secrecy motif and Jesus' messianic self-consciousness (1:34) -- Trouble with the authorities (2:1-3:12). Excursus : son of man (2:12) ; Excursus : divine man (3:12) -- Insiders and outsiders (3:13-4:34) -- "'Who then is this?'" (4:35-6:6a) -- Witness to Jews (6:6b-7:23) -- Witness to Gentiles (7:24-8:9) -- Removing the veil (8:10-9:29). Excursus : Christ (8:31) ; Excursus : how should the transfiguration be understood? (9:8) -- Mere discipleship (9:30-50) -- "On the way" through Judea (10:1-52) -- The barren temple (11:1-26) -- Jesus and the Sanhedrin (11:27-12:44) -- Watchfulness in tribulation and triumph (13:1-27) -- The abandonment of Jesus (14:1-72). Excursus : women in the Gospel of Mark (14:9) -- The cross and the empty tomb (15:1-16:8). Excursus : Pontius Pilate (15:1) ; Excursus : the son of God (15:39) -- The longer ending of Mark (16:9-20) -- The secret Gospel of Mark. |
| 526 ## - NOTA DE INFORMACIÓN SOBRE EL PROGRAMA DE ESTUDIO |
| Nombre del programa |
Segunda Especialidad En Profecías Bíblicas |
| 526 ## - NOTA DE INFORMACIÓN SOBRE EL PROGRAMA DE ESTUDIO |
| Nombre del programa |
Segunda Especialidad En Nuevo Testamento |
| 526 ## - NOTA DE INFORMACIÓN SOBRE EL PROGRAMA DE ESTUDIO |
| Nombre del programa |
Segunda Especialidad En Antiguo Testamento |
| 526 ## - NOTA DE INFORMACIÓN SOBRE EL PROGRAMA DE ESTUDIO |
| Nombre del programa |
Segunda Especialidad En Estudios Adventistas |
| 526 ## - NOTA DE INFORMACIÓN SOBRE EL PROGRAMA DE ESTUDIO |
| Nombre del programa |
Doctorado en teología |
| 526 ## - NOTA DE INFORMACIÓN SOBRE EL PROGRAMA DE ESTUDIO |
| Nombre del programa |
Maestría en teología histórica |
| 526 ## - NOTA DE INFORMACIÓN SOBRE EL PROGRAMA DE ESTUDIO |
| Nombre del programa |
Maestría en teología bíblica |
| 526 ## - NOTA DE INFORMACIÓN SOBRE EL PROGRAMA DE ESTUDIO |
| Nombre del programa |
Maestría en teología |
| 526 ## - NOTA DE INFORMACIÓN SOBRE EL PROGRAMA DE ESTUDIO |
| Nombre del programa |
Maestría en misionología |
| 526 ## - NOTA DE INFORMACIÓN SOBRE EL PROGRAMA DE ESTUDIO |
| Nombre del programa |
Maestría en liderazgo eclesiástico |
| 526 ## - NOTA DE INFORMACIÓN SOBRE EL PROGRAMA DE ESTUDIO |
| Nombre del programa |
Teología |
| 596 ## - |
| -- |
1 |
| 630 00 - PUNTO DE ACCESO ADICIONAL DE MATERIA--TÍTULO UNIFORME |
| Título uniforme |
Biblia. |
| Nombre de parte o sección de la obra |
Marcos |
| Subdivisión de forma |
Comentarios. |
| 630 07 - PUNTO DE ACCESO ADICIONAL DE MATERIA--TÍTULO UNIFORME |
| Título uniforme |
Biblia. |
| Nombre de parte o sección de la obra |
Marcos. |
| 650 17 - PUNTO DE ACCESO ADICIONAL DE MATERIA--TÉRMINO DE MATERIA |
| Término de materia o nombre geográfico como elemento de entrada |
Marcos. |
| 655 #7 - TERMINO DE INDIZACIÓN--GENERO/FORMA |
| Datos o término principal de género/forma |
Comentarios. |
| 910 ## - DATOS DE OPCIÓN DEL USUARIO (OCLC) |
| Datos de opción del usuario |
jck |
| -- |
ebj |
| -- |
ebj |
| -- |
20160531 |
| 942 ## - ELEMENTOS DE ENTRADA SECUNDARIOS (KOHA) |
| Fuente del sistema de clasificación o colocación |
Clasificación Decimal Dewey |
| Tipo de ítem Koha |
|
| 949 ## - PROCESAMIENTO DE INFORMACIÓN LOCAL (OCLC) |
| a |
225.07 PNTC 2 |
| w |
DEWEY |
| c |
1 |
| i |
73350 |
| l |
CCODEBUL1 |
| m |
BUL |
| p |
50.50 |
| r |
0 |
| s |
Y |
| t |
BOOK |
| u |
2016-5-31 |
| x |
TEOLOGIA |
| -- |
P85 |
| 0 |
COMPRA |
| o |
.STAFF. Colección General Teología |
| 994 ## - |
| -- |
C0 |
| -- |
PEPRU |
| 999 ## - NÚMEROS DE CONTROL DE SISTEMA (KOHA) |
| -- |
DEWEY |
| -- |
73350 |
| -- |
2017-11-23 |
| -- |
2021-11-9 |
| -- |
5 |
| -- |
CCODEBUL1 |
| -- |
BUL |
| -- |
1 |
| -- |
50.50 |
| -- |
4 |
| -- |
0 |
| -- |
Y |
| -- |
BOOK |
| -- |
2016-5-31 |
| -- |
TEOLOGIA |
| -- |
P85 |
| -- |
COMPRA |
| -- |
.STAFF. Colección Teología |
| 980 ## - EQUIVALENCIA O REFERENCIA-CRUZADA-MENCIÓN DE SERIE--NOMBRE DE PERSONA/TÍTULO [LOCAL, CANADÁ] |
| ID del último usuario que modificó el registro |
1 |
| Nombre del último usuario que modificó el registro |
ALBERTO SANCHEZ Responsable de Automatización |